000 00787nab a2200241 u 4500
001 15867
003 HDC
007 cr bn ---aaaaa
008 210219c20090707my dr|noo 0 a may d
040 _aHDC
245 0 _aKerajaan Berhasrat Jadikan Felda Gedung Makanan Negara - Najib
260 _a[No place] :
_b[publisher not identified],
_c2009
336 _atext
_2rdacontent
337 _acomputer
_2rdamedia
338 _aonline resource
_2rdacarrier
650 _aagriculture
_91238
650 _afood industry
_9536
710 _aBernama
856 _zRequest full-text at [email protected]
942 _2lcc
942 _cNEWS
942 _kNWSO 005604
999 _c13183
_d13183